[Event "Puerto del Rosario op U2300 "]
[Site "Puerto del Rosario"]
[Date "2018.09.29"]
[Round "6"]
[White "Martin Fernandez, Antonio"]
[Black "Rodriguez Matas, Enrique"]
[Result "1/2-1/2"]
[WhiteElo "1700"]
[BlackElo "1931"]
[PlyCount "58"]
[EventDate "2018.09.27"]
[EventType "swiss"]
[EventRounds "7"]
[EventCountry "ESP"]
[SourceTitle "CBM 187 Extra"]
[Source "ChessBase"]
[SourceDate "2018.11.04"]
[SourceVersion "1"]
[SourceVersionDate "2018.11.04"]
[SourceQuality "1"]

1. b4 d5 2. Bb2 Bf5 3. Nf3 f6 4. e3 e5 5. a3 Bd6 6. c4 c6 7. Nc3 Ne7 8. cxd5 cxd5 9. Nb5 0-0 10. Be2 a6 11. Nxd6 Qxd6 12. 0-0 Nd7 13. d3 Be6 14. Rc1 Rac8 15. Qd2 b5 16. Rxc8 Rxc8 17. Rc1 Rxc1+ 18. Qxc1 h6 19. Qc3 Bg4 20. h3 Bh5 21. Qd2 Nb6 22. Bd1 Qe6 23. Ng5 hxg5 24. Bxh5 g6 25. Bd1 Nc6 26. Bb3 Qd7 27. e4 Kg7 28. exd5 Nxd5 29. Bxd5 Qxd5 1/2-1/2

[Event "Fuerteventura-chT"]
[Site "Puerto del Rosario"]
[Date "2018.01.13"]
[Round "1.1"]
[White "Bolanos Hernandez, Sergio Raul"]
[Black "Rodriguez Matas, Enrique"]
[Result "0-1"]
[WhiteElo "1973"]
[BlackElo "1850"]
[PlyCount "92"]
[EventDate "2018.01.13"]
[EventType "team-tourn"]
[EventRounds "14"]
[EventCountry "ESP"]
[SourceTitle "EXT 2024"]
[Source "ChessBase"]
[SourceDate "2023.10.10"]
[SourceVersion "1"]
[SourceVersionDate "2023.10.10"]
[SourceQuality "1"]
[WhiteTeam "Tirol"]
[BlackTeam "Capablanca"]
[WhiteTeamCountry "ESP"]
[BlackTeamCountry "ESP"]

1. d4 d5 2. Nf3 c5 3. g3 f6 4. Nc3 e6 5. Bf4 Nc6 6. Bc1 cxd4 7. Nxd4 e5 8. Nxc6 bxc6 9. Bg2 Bb4 10. 0-0 Ne7 11. Nb1 0-0 12. a3 Ba5 13. b4 Bb6 14. Bb2 Be6 15. a4 Qc8 16. a5 Bc7 17. Re1 Rd8 18. Qc1 Rb8 19. Ba3 Bd6 20. Qd2 c5 21. bxc5 Bxc5 22. Qc1 Rb5 23. Nd2 Rxa5 24. Nb3 Rxa3 25. Rxa3 Bxa3 26. Qxa3 Qc7 27. Ra1 Nc6 28. Qc5 Qd6 29. Qc3 Rc8 30. Qd2 Rc7 31. Ra6 Bf7 32. c3 Qd8 33. h4 Qc8 34. Ra3 Ne7 35. Na5 h6 36. e4 dxe4 37. Bxe4 Rd7 38. Qc2 Bd5 39. Bxd5+ Nxd5 40. Qb3 Kh8 41. c4 Ne7 42. Qf3 Qc5 43. Ra1 f5 44. h5 Qd4 45. Re1 e4 46. Qf4 Qc3 0-1

[Event "Fuerteventura-chT"]
[Site "Puerto del Rosario"]
[Date "2017.04.01"]
[Round "4.1"]
[White "Caraballo Caraballo, Luis Ramon"]
[Black "Rodriguez Matas, Enrique"]
[Result "1-0"]
[WhiteElo "1883"]
[BlackElo "1856"]
[PlyCount "113"]
[EventDate "2017.03.11"]
[EventType "team-tourn"]
[EventRounds "5"]
[EventCountry "ESP"]
[SourceTitle "EXT 2024"]
[Source "ChessBase"]
[SourceDate "2023.10.10"]
[SourceVersion "1"]
[SourceVersionDate "2023.10.10"]
[SourceQuality "1"]
[WhiteTeam "Dragones "]
[BlackTeam "Capablanca"]
[WhiteTeamCountry "ESP"]
[BlackTeamCountry "ESP"]

1. e4 e5 2. Nf3 Nc6 3. Bc4 Bc5 4. c3 Nf6 5. d4 exd4 6. cxd4 Bb4+ 7. Nc3 Nxe4 8. 0-0 Bxc3 9. d5 Bf6 10. Re1 0-0 11. Rxe4 Ne7 12. Ng5 Ng6 13. Qh5 Bxg5 14. Bxg5 f6 15. d6+ Kh8 16. dxc7 Qxc7 17. Bd2 f5 18. Rd4 Qc5 19. Be3 Qe5 20. Rad1 a6 21. Qxg6 f4 22. Qd3 fxe3 23. fxe3 b5 24. Bd5 Rb8 25. Rh4 h6 26. Bb3 d6 27. Qd4 Qg5 28. Bd5 Bb7 29. Bxb7 Rxb7 30. Rf4 Rd8 31. Rdf1 Qe5 32. Qd3 Rbb8 33. b3 Re8 34. R4f3 d5 35. h3 Rbc8 36. Qg6 Qe4 37. Qxa6 b4 38. Qd6 Kh7 39. Qf4 Rc2 40. Qxe4+ Rxe4 41. R3f2 Rc3 42. Rd2 Rexe3 43. Rxd5 Re2 44. Rd4 Rcc2 45. Rg4 h5 46. Rg3 Rxa2 47. Rf7 Re1+ 48. Kh2 Raa1 49. Rfxg7+ Kh8 50. Rg8+ Kh7 51. R3g7+ Kh6 52. Rb7 Re4 53. Rb6+ Kh7 54. Rc8 Ra7 55. Rcb8 Re2 56. R8b7+ Rxb7 57. Rxb7+ 1-0